Texas Groups of Things - Statistics

General Stats
  • This quiz has been taken 1,263 times
    1,245 since last reset
  • The average score is 26 of 53
Answer Stats
Category Answer % Correct
Most Populous Cities | Most Populous Counties Dallas
100%
Most Populous Cities Houston
98%
Most Populous Cities Austin
95%
Bordering States New Mexico
92%
Most Populous Cities San Antonio
92%
Bordering States Oklahoma
90%
Bordering States Louisiana
89%
Pro Sport Teams Dallas Cowboys
84%
Bordering States Arkansas
83%
Most Populous Cities Fort Worth
83%
Most Populous Cities El Paso
80%
Longest Rivers Rio Grande
80%
Six Flags Over Texas Republic of Texas
74%
Six Flags Over Texas United States
72%
Six Flags Over Texas Mexico
71%
Pro Sport Teams Houston Texans
69%
JFK Assassin and the Assassin of JFK Assassin Lee Harvey Oswald
68%
Six Flags Over Texas Spain
68%
Pro Sport Teams San Antonio Spurs
66%
Destiny's Child Members Beyoncé Knowles
65%
Pro Sport Teams Dallas Mavericks
64%
Pro Sport Teams Houston Astros
64%
Six Flags Over Texas France
62%
Pro Sport Teams Houston Rockets
61%
Pro Sport Teams Texas Rangers
61%
Six Flags Over Texas Confederate States
57%
Pro Sport Teams Dallas Stars
56%
Mexican States that Border Texas Chihuahua
49%
Longest Rivers Colorado River
47%
JFK Assassin and the Assassin of JFK Assassin Jack Ruby
45%
Longest Rivers Red River
43%
Lates Three Governors Greg Abbott
41%
National Parks Big Bend
38%
Lates Three Governors George W. Bush
34%
Most Populous Counties Harris
28%
College slogans Hook 'em Horns
24%
Longest Rivers Brazos River
21%
Destiny's Child Members Kelly Rowland
20%
Lates Three Governors Rick Perry
20%
Most Populous Counties Bexar
16%
National Parks Guadalupe Mountains
16%
Most Populous Counties Travis
16%
Mexican States that Border Texas Nuevo León
15%
Most Populous Counties Tarrant
15%
Biggest Companies (stock-market valuation) ExxonMobil
14%
Destiny's Child Members Michelle Williams
14%
College slogans Gig 'em Aggies
13%
Mexican States that Border Texas Coahuila
12%
Mexican States that Border Texas Tamaulipas
12%
Biggest Companies (stock-market valuation) AT&T
7%
Biggest Companies (stock-market valuation) ConocoPhillips
2%
Biggest Companies (stock-market valuation) Marathon Oil
1%
Biggest Companies (stock-market valuation) Valero Energy
1%
No matching quizzes found
Score Distribution
Percent of People with Each Score
Percentile by Number Answered
Your Score History
You have not taken this quiz since the last reset